Estadística del registro de cultos

Đã lưu trong:
Chi tiết về thư mục
Tác giả chính: Baamonde, José María (Tác giả)
Định dạng: Sách
Ngôn ngữ:Tiếng Tây Ban Nha
Được phát hành: Buenos Aires Fundación S.P.E.S 1994
Phiên bản:1a. ed
Loạt:Signum, 2
Những chủ đề:
Các nhãn: Thêm thẻ
Không có thẻ, Là người đầu tiên thẻ bản ghi này!

MARC

LEADER 00000nam a2200000 a 4500
001 UCK3683
003 CL-VaPUC
008 050506e19940000AG |||||||||||||||||spa|d
020 |a 987907601X 
082 0 4 |a 291.9  |b BAA  |2 21 
100 0 |a Baamonde, José María  |e author  |9 491912 
245 1 0 |a Estadística del registro de cultos 
250 |a 1a. ed 
300 |a 14 p 
942 |c BK 
945 |d 20050506 00:00:00  |a cmena 
260 |a Buenos Aires  |b Fundación S.P.E.S  |c 1994 
650 7 |a SECTAS RELIGIOSAS  |2 CL-VaPUC  |9 491913 
650 0 |a Creencias religiosas   |9 373391 
650 7 |a LIBERTAD DE CULTO  |2 CL-VaPUC  |9 403246 
583 |a last modification  |c 20050506 00:00:00  |k Rodrigo Vera 
490 0 |a Signum, 2 
999 |c 312801  |d 312799 
952 |0 0  |1 0  |4 0  |6 291_900000000000000_BAA_1994  |7 0  |8 A  |9 383635  |a BIBTEO  |b BIBTEO  |d 2019-11-21  |i 411809K  |o 291.9 BAA 1994  |p 411809K  |r 2024-01-18  |w 2019-11-21  |y BK  |k ICR